| 000 | 00476nam a2200169 a 4500 | ||
|---|---|---|---|
| 005 | 20260322212039.0 | ||
| 008 | data | ||
| 010 | _a59-2551 | ||
| 096 | _aWM 11 A57s 1959 | ||
| 100 | 1 |
_aAckerknecht, Erwin Heinz, _d1906- |
|
| 245 | 1 | 2 |
_aA short history of psychiatry/ _cErwin Heinz Ackerknecht. |
| 260 |
_aNew York _bHafner Pub. Co. _cc1959 |
||
| 300 |
_a98 p. ; _c illus. |
||
| 500 | _aTranslation of Kurze Geschichte der Psychiatrie. | ||
| 650 | 0 | 2 |
_aPsychiatry _xhistory |
| 001 | data | ||
| 999 |
_c920 _d920 |
||